| 000 | 00775cam a2200253 4500 | ||
|---|---|---|---|
| 001 | ABS63504 | ||
| 008 | 000000n2001 000 0 eng u | ||
| 035 | _a(Sirsi) u110699 | ||
| 100 | _aHughes, D. | ||
| 245 | _aPoints of order | ||
| 260 | _c2001 | ||
| 490 |
_aArchitects' Journal _v213(2) 18 January 2001, 42-43(2) |
||
| 520 | _aConsiders costs and trends within the construction industry during the third quarter of 2000 together with the longer term trends. Includes graphs. | ||
| 590 | _aABS | ||
| 650 | _aCONSTRUCTION MARKET | ||
| 650 | _aDEMAND | ||
| 650 | _aLABOUR | ||
| 650 | _aBUILT ENVIRONMENT-BUILDING MATERIALS | ||
| 650 | _aREGIONS | ||
| 650 | _aTRENDS | ||
| 650 | _aWORKLOADS | ||
| 690 | _aBUILT ENVIRONMENT-CONSTRUCTION MARKET | ||
| 942 | _n0 | ||
| 999 |
_c65971 _d65971 |
||